000 00251nam a2200097Ia 4500
001 805258
005 20250826171149.0
008 250824s9999 xx 000 0 und d
245 0 _aMELEKLER VE ŞEYTANLAR
_cDAN BROWN
260 _bALTIN KİTAPLAR YAYINEVİ
999 _c805258
_d805258